00714nam a2200193 i 450000100060000000300090000600500170001500700030003200800410003510000380007624500850011426000340019930000320023349000380026583000460030385200320034999900170038195201220039827203ES-MaACL20230906153558.0t|030113s1973 sp ||||1| spa d1 aArroyo Garrido, Saturnino.92337314aLos métodos activos, explicados a los profesores / cSaturnino Arroyo Garrido. aMadrid : bParaninfo, c1973. a164 p., 6 lám. ; c24 cm.1 aBiblioteca Innovación educativa0 aBiblioteca Innovación educativa9181096 aES-MaACLjC-55930 bR.88570 c27203d27203 00104070aATENEOMbATENEOMcDEPO2d2008-01-17eSCl0oC-55930p1028077r2023-02-23 00:00:00w2023-02-23yMONOGRAFIA